[Event "IECC TH-M email"]
[Site "IECC email"]
[Date "2003.03.14"]
[Round "?"]
[White "Miszta, Felix"]
[Black "Balabaev, Farit Gasisovich"]
[Result "1/2-1/2"]
[WhiteElo "2371"]
[BlackElo "2378"]
[PlyCount "51"]
[EventDate "2003.??.??"]
[EventType "match (corr)"]
[EventRounds "2"]
[SourceTitle "Corr 2008"]
[Source "ChessBase"]
[SourceDate "2008.06.24"]
[SourceVersion "1"]
[SourceVersionDate "2008.06.24"]
[SourceQuality "1"]

1. e4 d5 2. exd5 Qxd5 3. Nc3 Qa5 4. d4 Nf6 5. Nf3 Bg4 6. h3 Bh5 7. g4 Bg6 8. Ne5 e6 9. Bg2 Be4 10. Bxe4 Nxe4 11. Qf3 Nd6 12. Bf4 Na6 13. 0-0-0 0-0-0 14. g5 f6 15. gxf6 gxf6 16. Nd3 Nf5 17. d5 Bb4 18. Bd2 Rhe8 19. Rhe1 Bxc3 20. Bxc3 Qxa2 21. dxe6 Nd4 22. Bxd4 Rxd4 23. Qh5 Rxe6 24. Rxe6 Qxe6 25. Qxh7 b6 26. c3 1/2-1/2